00517 a2200169 450000100060000002000220000604000220002810000170005024000530006724500480012030000080016836200090017665000290018594200070021495201090022199900170033067186 a978.85.86234.80-4 cAnchieta - Pituba aBarker, Alan10aAprimore suas técnicas de comunicaçãolpor10aAprimore suas técnicas de comunicação a1730 a2007 4aMeios de comunicação cBK 00104070a91.1b91.1d2023-11-21l0o659 B255a BAR APRp22040/PITr2023-11-21 18:35:15w2023-11-21yBK c67186d67186